| 000 | 00849nam a2200253 a 4500 | ||
|---|---|---|---|
| 001 | 000017813 | ||
| 003 | DO-SdBNP | ||
| 005 | 20250219074027.0 | ||
| 008 | 100406s2006 dr c r 000 0cspa d | ||
| 020 | _a9993479853 | ||
| 040 |
_aDO-SdBNP _bspa _cBNPHU |
||
| 082 | 4 |
_a928.61 _bP438s _222 |
|
| 100 | 1 |
_aPérez, Isael, _d1961- _91414 |
|
| 245 | 1 | 0 |
_aEscritores de la provincia de El Seibo / _cIsael Pérez. |
| 260 |
_aSanto Domingo : _bBúho, _c2006. |
||
| 300 |
_a108 p. : _bil., retrs. ; _c23 cm. |
||
| 504 | _aBibliografía : p. 101-104. | ||
| 590 | _aInventariado, 2022/MFF | ||
| 650 | 4 |
_aAutores dominicanos _9230 _vBiografías |
|
| 651 | 4 |
_aEl Seibo (República Dominicana) _938710 _vBiografías |
|
| 651 | 4 |
_aEl Seibo (República Dominicana) _xVida intelectual _938711 |
|
| 910 | _aValidado. Control de calidad. MMOLINA | ||
| 942 |
_2ddc _cLBS1 |
||
| 999 |
_c17338 _d17338 |
||